Guess the 1960s song lyrics #191 - Statistics

General Stats
  • This quiz has been taken 24 times
  • The average score is 152 of 249
Answer Stats
Answer % Correct
I
100%
in
100%
love
100%
the
100%
you
100%
me
95%
night
89%
to
89%
I've
84%
never
79%
Never
79%
Nights
79%
we
79%
And
74%
and
74%
be
74%
can't
74%
end
74%
Just
74%
Oh
74%
oh
74%
But
68%
how
68%
that
68%
what
68%
white
68%
at
63%
for
63%
from
63%
is
63%
satin
63%
want
63%
were
63%
will
63%
with
63%
as
58%
eyes
58%
Letters
58%
meaning
58%
reaching
58%
say
58%
send
58%
written
58%
Yes
58%
day's
53%
her
53%
these
53%
they
53%
always
47%
has
47%
I'm
47%
look
47%
Moody Blues
47%
our
47%
up
47%
before
42%
Cause
42%
going
42%
one
42%
some
42%
Some
42%
I'd
37%
man
37%
right
32%
tell
32%
truth
32%
wish
32%
anymore
26%
back
26%
Beauty
26%
every
26%
hand
26%
lovers
26%
through
26%
understand
26%
which
26%
cannot
21%
defend
21%
Gazing
21%
mother
21%
New
21%
people
21%
son
21%
thoughts
21%
try
21%
yellow
21%
young
21%
Another
16%
citizens
16%
Cold
16%
cries
16%
decide
16%
grey
16%
hearted
16%
illusion
16%
Lonely
16%
orb
16%
picks
16%
Red
16%
room
16%
rules
16%
Senior
16%
sight
16%
spent
16%
suckles
16%
useless
16%
wrestle
16%
colors
11%
energy
11%
Impassioned
11%
lament
11%
none
11%
Removes
11%
Bedsitter
5%
Breathe
5%
deep
5%
fade
5%
gathering
5%
gloom
5%
lights
5%
missed
5%
Watch
5%
No matching quizzes found
Score Distribution
Percent of People with Each Score
Percentile by Number Answered
Your Score History
You have not taken this quiz